| 000 | 00357nam a22001457a 4500 | ||
|---|---|---|---|
| 020 | _qHB. | ||
| 040 | _cFIZZA ISHAQ | ||
| 082 |
_a624.1 _bLVE |
||
| 100 |
_aWAHL, LVER. _990454 |
||
| 245 |
_aBUILDING ANATOMY WASTROAT GUIDE TO HOW STRUCTURES / _cLVER WAHL. |
||
| 250 | _a1st ED. | ||
| 260 |
_bMC GRAW HILL, _c2006. |
||
| 300 | _a288 P. ; | ||
| 942 |
_2ddc _cBK |
||
| 999 |
_c588667 _d588667 |
||